| 000 | 00411nam a2200133Ia 4500 | ||
|---|---|---|---|
| 008 | 210430s9999 xx 000 0 und d | ||
| 020 | _a0-8247-1947-6 | ||
| 082 | _a660.39 M239 I | ||
| 100 |
_aEmile Pefferkorn _952543 |
||
| 245 |
_aInterfacial Phenomena in Chromatography / _cEmile Pefferkorn _b(Surfactant science series V-80) |
||
| 260 |
_aNew york _bMarcel Dekker _c1999 |
||
| 300 | _a448p | ||
| 942 |
_cBK _2ddc |
||
| 999 |
_c561831 _d561831 |
||